000 01547nam a2200361 c 4500
999 _c82530
_d82530
003 BLK
005 20210927114417.0
008 180408b bul|||||r ||||||| ||bul||
010 _aKNG00087063000
020 _a9789547758490
040 _aBLK
041 _aBUL
_cBUL
080 _aПедагогическа психология
_b37.015.3
_z37.015.3
080 _aВъзпитание в училище
_b37.018.2
_z37.018.2
080 _aПсихология на детската възраст. Интелектуално развитие на децата. Психически особености. Детски представи, описани в разкази
_b159.922.7
_z159.922.7
100 1 _aДончева, Диана
_eпърви автор
_9300570
139 _aДончева, Диана
_bД 78
245 1 0 _aПомагало за помагане
_cДиана Дончева.
257 _aBGR
260 _bФабер
_c2008
_aВ. Търново
300 _a107 с.
_bцв. ил.
_c20 см
380 _a3
650 4 _aДетска и педагогическа психология
_9244538
650 4 _aУчебно-възпитателна работа
_9246003
653 _aдетска психология
653 _aпедагогическа психология
653 _aучебно-възпитателна работа
852 _aЦб 242252
_bЦб
856 4 _qpdf
856 4 _qpdf
942 _cKNG
_n0
_s1
944 _aCR
_c06.01.2009
_kМилена_Ачева
944 _aED
_c18.02.2009
999 _d82530
999 _d82530